| 000 | 00649nam a2200205Ia 4500 | ||
|---|---|---|---|
| 001 | 4998 | ||
| 003 | GE_BSU | ||
| 008 | 181216s||||||||xx |||||||||||||| ||und|| | ||
| 040 | _cGE_BSU | ||
| 080 | _a517+54 | ||
| 100 | _aБатунер Л.М.,Позин М.Е. | ||
| 245 | _aМатематические методы в химической технике | ||
| 245 | _cПод. общ. ред. Позина М.Е | ||
| 250 | _a2-е изд.доп. | ||
| 260 | _bГосхимиздат | ||
| 260 | _c1955. | ||
| 300 | _a-481 с.23 см. | ||
| 653 | _aМатематические методыв химической технике | ||
| 942 | _cBK | ||
| 999 |
_c38713 _d38713 |
||